Transforming Indian Capital Markets (Record no. 19)

MARC details
000 -LEADER
fixed length control field 00272nam a2200121Ia 4500
008 - FIXED-LENGTH DATA ELEMENTS--GENERAL INFORMATION
fixed length control field 191201s2011 xx 000 0 und d
100 ## - MAIN ENTRY--PERSONAL NAME
Personal name NSE
245 #0 - TITLE STATEMENT
Title Transforming Indian Capital Markets
260 ## - PUBLICATION, DISTRIBUTION, ETC. (IMPRINT)
Place of publication, distribution, etc Mumbai
Name of publisher, distributor, etc NSE
Date of publication, distribution, etc 2011
300 ## - PHYSICAL DESCRIPTION
Extent 721
650 ## - SUBJECT ADDED ENTRY--TOPICAL TERM
Topical term or geographic name as entry element MBA
942 ## - ADDED ENTRY ELEMENTS (KOHA)
Source of classification or shelving scheme Dewey Decimal Classification
Koha item type Text Books
Holdings
Withdrawn status Lost status Source of classification or shelving scheme Damaged status Not for loan Collection code Home library Current library Date acquired Source of acquisition Serial Enumeration / chronologySerial Enumeration / Volume No. Bill Number Total Checkouts Full call number Acc. no. / Barcode Date last seen Bill Date Koha item type Public note
    Dewey Decimal Classification     MBA PIET C-LIBRARY PIET C-LIBRARY 02/05/2012 Donated by Director sir 1 Donated by Director sir   332.041 NST 19237 18/04/2024 02/05/2012 Text Books Donated by Director sir
    Dewey Decimal Classification     MBA PIET C-LIBRARY PIET C-LIBRARY 02/05/2012 Donated by Director sir   Donated by Director sir   332.041 NST 19238 04/12/2019 02/05/2012 Text Books Donated by Director sir

Design & Developed by: PIET Central Library
R70 Miles Stone Pattikalyana Samalkha Panipat 132102
mail ID :- [email protected], Phone No:- 0180-2569700 Ex.216